header

The Candy Corn Contest (Record no. 260965)

MARC details
000 -LEADER
fixed length control field 00248nam a22001097a 4500
020 ## - INTERNATIONAL STANDARD BOOK NUMBER
ISBN 9780439895064
100 ## - MAIN ENTRY--AUTHOR NAME
Personal name Patricia Reilly Giff
245 ## - TITLE STATEMENT
Title The Candy Corn Contest
260 ## - PUBLICATION, DISTRIBUTION, ETC. (IMPRINT)
Place of publication New York
Name of publisher Scholastic
Year of publication 1984
300 ## - PHYSICAL DESCRIPTION
Number of Pages 76 pgs
942 ## - ADDED ENTRY ELEMENTS (KOHA)
Koha item type Long Loan Books
Holdings
Withdrawn status Lost status Collection code Home library Current library Shelving location Date acquired Accession Number Koha item type
    Fiction Rongo University Library Rongo University Library Children's Area 25/10/2023 CL20222502 Long Loan Books

© 2026 Rongo University
Contact us: librarian | system librarian | Rongo university